| 000 | 00721nam a2200253Ia 4500 | ||
|---|---|---|---|
| 003 | OSt | ||
| 005 | 20221006143310.0 | ||
| 006 | a|||||r|||| 00| 0 | ||
| 007 | ta | ||
| 008 | 221006b |||||||| |||| 00| 0 eng d | ||
| 020 |
_c _32.95 |
||
| 024 | _a8,576 | ||
| 037 | _cTextual | ||
| 040 |
_aEASL _cEASL _beng |
||
| 041 |
_2eng _aeng |
||
| 082 | _aX8(A).49B.N8, M7 | ||
| 100 |
_aDEYO Frederic Ed. _9649600 |
||
| 245 | 0 | _aPolitical economic of new asian industrialism | |
| 260 |
_aIthaca _bCornell University Press _c1987 |
||
| 300 |
_a252p. _ccm. |
||
| 490 |
_v Oth _aCornell Studies in political economy |
||
| 942 |
_hX8(A).49B.N8, M7 _cTEXL _2CC |
||
| 999 |
_c1076662 _d1076662 |
||